000 01093nam a2200217 4500
001 654
005 20230410121149.0
008 060907n1995 dr spa
020 _a9681647416
035 _9funglode658
041 _aES
050 1 4 _aJX 4041 H477s 1995
100 _aHeller, Hermann
245 1 3 _aLa soberanía :
_bcontribución a la teoría del derecho estatal y del derecho internacional /
_cHermann Heller
250 _a2
260 _aMéxico :
_bUniversidad Nacional Autónoma de México; Fondo de Cultura Económica,
_c1995
300 _a316 p.
440 _aPolítica y derecho
520 _aLa crisis histórico - espiritual del dogma de la soberanía, 77. -- Dominación y positividad, 125. -- El sujeto de la soberanía, 143. -- La naturaleza de la soberanía, 195. -- La soberanía del Estado y el problema internacional, 223. -- Soberanía del Estado y subjetividad en el derecho internacional, 259 . -- Los límites jurídicos y el carácter absoluto de la soberanía, 257. -- Valoración ético - política de la soberanía, 307
942 _2lcc
_cbk
999 _c59221
_d59221